| 000 | 006680000a22001810004500 | ||
|---|---|---|---|
| 003 | MACL | ||
| 005 | 20160121171042.0 | ||
| 008 | 160121b xxu||||| |||| 00| 0 eng d | ||
| 040 |
_aMACL _cMACL |
||
| 041 | _aHindi | ||
| 082 | _a363.254/GUP | ||
| 100 |
_aगूप्ता ओ.पी _933959 |
||
| 245 | _aआर.गूप्ता क्त पापलर मास्टर गाइड केन्द्रीय रिजर्व पुलिस बल | ||
| 260 |
_bरमेंश पब्लिशींग _c2002 _aनई दिल्ली |
||
| 350 | _a85 | ||
| 650 |
_aSocial Problem Services _933960 |
||
| 942 |
_cHIN _k363.254/GUP _2ddc |
||
| 999 |
_c30626 _d30626 |
||